000 00301nam a22001337a 4500
008 170602b xxu||||| |||| 00| 0 eng d
020 _a37216
041 _aeng
080 _a94(4)
100 _a17
101 _aSHH
245 _aREVOLUTIONS IN MODERN EUROPEAN HISTORY
_cLUBASZ, H
942 _2udc
_cBK
999 _c15623
_d15623